000 00268 a2200097 4500
020 _a9789357324380
100 _aS. Sivadas
245 _aOppenheimer muthal ohm vare(ഓപ്പൺഹൈമർ മുതൽ ഓം വരെ)
260 _bD C books
_c2024
942 _cOO
999 _c115348
_d115347